LAW RELATING TO ARBITRATION CONCILIATION IN INDIA (Record no. 23997)

MARC details
000 -LEADER
fixed length control field 00351nam a22001457a 4500
003 - CONTROL NUMBER IDENTIFIER
control field SGT
020 ## - INTERNATIONAL STANDARD BOOK NUMBER
International Standard Book Number 9788194568629
082 ## - DEWEY DECIMAL CLASSIFICATION NUMBER
Classification number 347.09
Item number PAR
100 ## - MAIN ENTRY--PERSONAL NAME
Personal name PARANJAPE , N V
245 ## - TITLE STATEMENT
Title LAW RELATING TO ARBITRATION CONCILIATION IN INDIA
250 ## - EDITION STATEMENT
Edition statement 9
260 ## - PUBLICATION, DISTRIBUTION, ETC. (IMPRINT)
Place of publication, distribution, etc PRAYAGRAJ
Name of publisher, distributor, etc CENTRAL LAW AGENCY
Year of Publication 2021
300 ## - PAGE DESCRIPTION
No. of Pages XL , 519
942 ## - ADDED ENTRY ELEMENTS (KOHA)
Source of classification or shelving scheme Dewey Decimal Classification
Koha item type Books
942 ## - ADDED ENTRY ELEMENTS (KOHA)
-- 19
Holdings
Withdrawn status Lost status Source of classification or shelving scheme Damaged status Not for loan Collection code Home library Current library Shelving location Date acquired Vendor Name Cost, normal purchase price SGTU Bill Number Full call number Accession No. (Barcode) Date last seen Bill Date Koha item type Total Checkouts Date last borrowed
    Dewey Decimal Classification   Not For Loan LAW SGT Science & Social Sciences Library SGT Science & Social Sciences Library Reference Book 10/06/2023 COMMERCIAL BOOK HOUSE 550.00 SGTU 353 347.09 PAR FL2981 10/06/2023 19/05/2023 Books    
    Dewey Decimal Classification     LAW SGT Science & Social Sciences Library SGT Science & Social Sciences Library Text Book 10/06/2023 COMMERCIAL BOOK HOUSE 550.00 SGTU 353 347.09 PAR FL2982 23/05/2025 19/05/2023 Books 12 09/05/2025
    Dewey Decimal Classification     LAW SGT Science & Social Sciences Library SGT Science & Social Sciences Library Text Book 10/06/2023 COMMERCIAL BOOK HOUSE 550.00 SGTU 353 347.09 PAR FL2983 09/06/2025 19/05/2023 Books 4 26/05/2025
    Dewey Decimal Classification     LAW SGT Science & Social Sciences Library SGT Science & Social Sciences Library Text Book 10/06/2023 COMMERCIAL BOOK HOUSE 550.00 SGTU 353 347.09 PAR FL2984 12/02/2024 19/05/2023 Books 3 30/01/2024
    Dewey Decimal Classification     LAW SGT Science & Social Sciences Library SGT Science & Social Sciences Library Text Book 10/06/2023 COMMERCIAL BOOK HOUSE 550.00 SGTU 353 347.09 PAR FL2985 28/06/2025 19/05/2023 Books 3 06/02/2025